Normal view MARC view

Entry Personal Name

Number of records used in: 6

001 - CONTROL NUMBER

  • control field: 42869

003 - CONTROL NUMBER IDENTIFIER

  • control field: dpl

005 - DATE AND TIME OF LATEST TRANSACTION

  • control field: 20120223153117.0

008 - FIXED-LENGTH DATA ELEMENTS

  • fixed length control field: 120223|||a|||||| | ||| d

040 ## - CATALOGING SOURCE

  • Original cataloging agency: dpl
  • Transcribing agency: dpl

100 ## - HEADING--PERSONAL NAME

  • Personal name: Kawatra, P. S.

670 ## - SOURCE DATA FOUND

  • Source citation: Work cat.: (dpl): Kawatra, P. S., Textbook of information science /, 2000

670 ## - SOURCE DATA FOUND

  • Source citation: Work cat.: (dpl): Kawatra, P. S., Textbook of information science /, 2000

© Delhi Public Library
Hit Counter
free hit counter